000 01065nam a2200325 i 4500
003 EG-GICUC
005 20260121101742.0
008 260119s1952 uk d|||fr|||| 001 0 eng d
040 _aEG-GiCUC
_beng
_cEG-GiCUC
_dEG-GiCUC
_erda
041 _aeng
082 0 4 _221
_a341.9
_bMA . A
092 0 4 _221
099 _aLaw1 11 341.9 MA . A 1952
245 0 4 _aThe Annual Register :
_bA Review Of Public Events At Home And Abroad For The Year 1951 /
_c By Ivison S. Macadam.
264 1 _a London :
_bLongmans, Green And Co,
_c1952.
300 _a506 pages :
_btables,
_c24 cm
336 _2rda content
_atext
337 _2rda media
_aComputer
338 _2rda carrier
_aOnline Resource
500 _aIncludes index.
504 _aBibliography: pages 200-250.
546 _aText in English
650 1 4 _aInternational law
_2qrmak
_xHistory
650 1 4 _aInternational law
_2qrmak
651 1 _2qrmak
700 1 _a Macadam, Ivison S.
_eeditor.
856 4 0 _uhttps://fll.law.cu.edu.eg/fulltext/bks/B11-06637.pdf
905 _a79
942 _2ddc
_cBK
_e21
_n0
999 _c57945
_d57945